Province della Sardegna per Superficie - Statistics

Statistiche generali
  • Questo quiz è stato fatto 27 volte
    21 dall'ultimo reset
  • Il punteggio medio è 4 su 5
Statistiche sulle risposte
Superficie (km²) Provincia o Città Metropolitana % Corretto
1 249 Città metropolitana di Cagliari
81%
7 692 Provincia di Sassari
75%
5 638 Provincia di Nuoro
69%
2 990 Provincia di Oristano
69%
6 531 Provincia del Sud Sardegna
63%
Nessun quiz corrispondente trovato
Distribuzione punteggi
Percentuale di utenti per punteggio
Percentile per numero di risposta
I tuoi punteggi nel tempo
Non hai fatto questo quiz dall'ultimo reset